Merleau-Ponty y lo político / (Record no. 115170)

MARC details
000 -LEADER
fixed length control field 00659nam a22002177a 4500
005 - DATE AND TIME OF LATEST TRANSACTION
control field 20160412110824.0
008 - FIXED-LENGTH DATA ELEMENTS--GENERAL INFORMATION
fixed length control field 160412b spu||||| |||| 00| 0 spa d
020 ## - INTERNATIONAL STANDARD BOOK NUMBER
International Standard Book Number 9789875745520
050 04 - LIBRARY OF CONGRESS CALL NUMBER
Classification number B2430.M38
Item number L44 2012
100 1# - MAIN ENTRY--PERSONAL NAME
Personal name Claude, Lefort
245 10 - TITLE STATEMENT
Title Merleau-Ponty y lo político /
Statement of responsibility, etc Spinelli, Juan Manuel tr.
250 ## - EDITION STATEMENT
Edition statement 1a ed.
260 ## - PUBLICATION, DISTRIBUTION, ETC. (IMPRINT)
Place of publication, distribution, etc Buenos Aires :
Name of publisher, distributor, etc Prometeo;
Date of publication, distribution, etc 2012
300 ## - PHYSICAL DESCRIPTION
Extent 144 p. ;
Dimensions 21 cm.
500 ## - GENERAL NOTE
General note traducción de : Sur une colonne absente
504 ## - BIBLIOGRAPHY, ETC. NOTE
Bibliography, etc Incluye índice
650 #4 - SUBJECT ADDED ENTRY--TOPICAL TERM
Topical term or geographic name as entry element Filosofía política
650 #4 - SUBJECT ADDED ENTRY--TOPICAL TERM
Topical term or geographic name as entry element Filosofía contemporánea
700 ## - ADDED ENTRY--PERSONAL NAME
Personal name Spinelli, Juan Manuel
Relator term tr.
942 ## - ADDED ENTRY ELEMENTS (KOHA)
Source of classification or shelving scheme Biblioteca del Cogreso de los Estados Unidos
Koha item type Libro
Holdings
Estado de pérdida Fuente de clasificación Estado del daño No para préstamo Ubicación permanente Ubicación actual Apartado o colección Fecha de adquisición Fuente de adquisición Edición Dependencia de educación superior (DES) Área del conocimiento Clasificación Código de Barras Date last seen Número de copia Tipo de recurso
  Biblioteca del Cogreso de los Estados Unidos     Biblioteca de la Facultad de Filosofía Biblioteca de la Facultad de Filosofía General 12/04/2016 Unidad Académica Genérico 1a ed. Humanidades Educación y Humanidades B2430.M38 L44 2012 BFF000015544 12/04/2016 C:1 Libro